Manual para libreros

Gespeichert in:
Bibliographische Detailangaben
1. Verfasser: Ringewaldt, Tanja M (VerfasserIn)
Format: Buch
Sprache:Spanisch
Veröffentlicht: Barcelona Herder 2001
Ausgabe:2a. ed
Schlagworte:
Tags: Tag hinzufügen
Keine Tags, Fügen Sie den ersten Tag hinzu!

MARC

LEADER 00000nam a2200000 a 4500
001 UCJ2615
003 CL-VaPUC
008 070104e20010000SP |||||||||||||||||spa|d
020 |a 8425421268 
082 0 4 |a 016.952  |b RIN  |2 21 
100 0 |a Ringewaldt, Tanja M  |e author  |9 503582 
245 1 0 |a Manual para libreros 
250 |a 2a. ed 
300 |a 199 p 
942 |c BK 
945 |d 20070104 00:00:00  |a jtorresc 
260 |a Barcelona  |b Herder  |c 2001 
650 7 |a LIBRERIAS  |2 CL-VaPUC  |9 393756 
650 7 |a LIBROS DE TEXTOS  |2 CL-VaPUC  |9 503583 
650 7 |a EMPRESA COMERCIAL  |2 CL-VaPUC  |9 503584 
650 0 |a Comercialización   |9 259326 
583 |a last modification  |c 20070104 00:00:00  |k Rodrigo Vera 
999 |c 318809  |d 318807 
952 |0 0  |1 0  |4 0  |6 016_952000000000000_RIN_2001  |7 0  |8 A  |9 396949  |a BIBING  |b BIBING  |d 2019-11-22  |i 431056K  |o 016.952 RIN 2001  |p 431056K  |r 2025-01-20  |w 2019-11-22  |y BK  |k ING